000 00608nam a22002057a 4500
003 OSt
005 20170119145024.0
008 170119b xxu||||| |||| 00| 0 eng d
020 _a9780443101663
040 _cDMLN
082 _aWS18 C86k 2008
100 _aKate, H. Creese; Colin V.E. Poewll; Patrick, H. T. Cartlidge
_911420
245 _aMRCPH Part2: questions and answers for new format exam
260 _aEdinburgh; Churchill, 2008
300 _avii,424p; ill: 24cm
504 _aAnswers, & index included
650 _aPaediatrics
_93350
650 _aMedicine MCQs
_911197
942 _2z
_cO_SHELF
999 _c5468
_d5468